• 首页
  • 本馆介绍
  • 公告通知
  • 最新文献
  • 馆藏检索
  • 电子资源
  • 读者导购
  • 参考咨询
  • 我的图书馆
  • 登录
  • 详细信息显示
  • 放入我的书架
  • 预约/预借图书
  • 作者相关作品
  • 分类相关作品
  • 丛书相关作品
  • 出版社相关作品

书目信息

  • 表格格式
  • 工作单格式
  • 卡片格式
题名:
中国的男人和女人
    
 
作者: 易中天 著
分册:  
出版信息: 北京   中国文联出版公司  1998
页数: 370页
开本: 20cm
丛书名:
单 册:
中图分类: D669.1
科图分类: 33.654
主题词: 性学--研究--中国 , 性学 , 婚姻--研究--中国 , 婚姻
电子资源:
ISBN: 7-5059-2844-9
000 00756nam0 2200277 450
001 0198006928
005 20100713014929.0
010    @a7-5059-2844-9@dCNY22.00
011    @a7-5059-2844-9
100    @a19980204d1998 emky0chiy0110 ea
101 0  @achi
102    @aCN@b110000
105    @af z 000yy
106    @ar
200 1  @a中国的男人和女人@9Zhong Guo De;Di Nan Ren He;Huo;Hu Nu^ Ren @f易中天著
210    @a北京@c中国文联出版公司@d1998
215    @a370页@c插图@d20cm
606 0  @a性学@x研究@y中国
606 0  @a性学
606 0  @a婚姻@x研究@y中国
606 0  @a婚姻
690    @aD669.1@v3
692    @a33.654@v2
701  0 @a易中天@9yi zhong tian@f(1947~)@4著
801  0 @aCN@b91MARC@c20130904
905    @aBZT@dD669.1@e32@f1@sD669.1/32
    
    中国的男人和女人/易中天著.-北京:中国文联出版公司,1998
    370页:插图;20cm
    
    
    ISBN 7-5059-2844-9:CNY22.00
    
●
相关链接 在五车中查询图书 在当当中查询图书 在豆瓣中查询图书


正题名:中国的男人和女人     索取号:D669.1/32         预约/预借

序号 登录号 条形码 馆藏地/架位号 状态 备注
1 2000142429   2000142429   旧书回溯/ [索取号:D669.1/32] 在馆    
山东省滨州职业学院图书馆 欢迎您!
大连网信软件有限公司© 版权所有